000 00740nam a2200241Ia 4500
008 140110s9999 xx 000 0 und d
020 _a9780240807553
_cRs.1816.00
040 _aLoreto College
041 _aEnglish
082 _a791.4/MOY
_bLCLIB/48482
100 _aMoylan, William
245 _aUnderstanding and crafting the mix
_bThe art of recording
_cWilliam Moylan
250 _a2nd ed.
260 _aBurlington,MA,USA
_bFocal Press, Elsevier
_c2007
300 _a396p.
_c26cms.
504 _aIncludes bibliographical references and index
630 _aAcoustical engineering
630 _aFilm Studies
650 _aMusic theory
651 _aSound recording and reproducing
850 _aLCLIB/791.4/MOY
942 _cBK
999 _c37058
_d87537